<?xml version="1.0" encoding="UTF-8"?>
<collection xmlns="http://www.loc.gov/MARC21/slim">
 <record>
  <leader>00981nam a22002297a 4500</leader>
  <controlfield tag="001">7384</controlfield>
  <controlfield tag="003">BD-DhAAL</controlfield>
  <controlfield tag="005">20150108142036.0</controlfield>
  <controlfield tag="008">150108s1997    bg ||||| |||| 00| 0 ben d</controlfield>
  <datafield tag="040" ind1=" " ind2=" ">
   <subfield code="a">BD-DhAAL</subfield>
   <subfield code="c">BD-DhAAL</subfield>
  </datafield>
  <datafield tag="082" ind1=" " ind2=" ">
   <subfield code="2">22</subfield>
   <subfield code="a">342.5492/085</subfield>
  </datafield>
  <datafield tag="100" ind1=" " ind2=" ">
   <subfield code="a">দিলদার, মোঃ সাইফুল ইসলাম</subfield>
   <subfield code="9">7226</subfield>
  </datafield>
  <datafield tag="245" ind1=" " ind2=" ">
   <subfield code="a">মানবাধিকার তদন্ত /</subfield>
   <subfield code="c">মোঃ সাইফুল ইসলাম দিলদার</subfield>
  </datafield>
  <datafield tag="246" ind1=" " ind2=" ">
   <subfield code="a">Human rights investigation</subfield>
  </datafield>
  <datafield tag="260" ind1=" " ind2=" ">
   <subfield code="a">ঢাকা :</subfield>
   <subfield code="b">বাংলাদেশ মানবাধিকার কমিশন,</subfield>
   <subfield code="c">১৯৯৭</subfield>
  </datafield>
  <datafield tag="300" ind1=" " ind2=" ">
   <subfield code="a">২১১ পৃ :</subfield>
   <subfield code="c">২২ সে.মি.</subfield>
  </datafield>
  <datafield tag="541" ind1=" " ind2=" ">
   <subfield code="e">7384</subfield>
  </datafield>
  <datafield tag="650" ind1=" " ind2=" ">
   <subfield code="a">Human rights</subfield>
   <subfield code="z">Bangladesh</subfield>
   <subfield code="9">7227</subfield>
  </datafield>
  <datafield tag="852" ind1=" " ind2=" ">
   <subfield code="a">Ayesha Abed Library </subfield>
  </datafield>
  <datafield tag="942" ind1=" " ind2=" ">
   <subfield code="2">ddc</subfield>
   <subfield code="c">BK</subfield>
  </datafield>
  <datafield tag="999" ind1=" " ind2=" ">
   <subfield code="c">33421</subfield>
   <subfield code="d">33421</subfield>
  </datafield>
  <datafield tag="952" ind1=" " ind2=" ">
   <subfield code="0">0</subfield>
   <subfield code="1">0</subfield>
   <subfield code="2">ddc</subfield>
   <subfield code="4">0</subfield>
   <subfield code="6">342_549208500000000_DIL</subfield>
   <subfield code="7">0</subfield>
   <subfield code="9">44669</subfield>
   <subfield code="a">BRACUL</subfield>
   <subfield code="b">BRACUL</subfield>
   <subfield code="c">GEN</subfield>
   <subfield code="d">2015-01-08</subfield>
   <subfield code="l">1</subfield>
   <subfield code="o">342.5492085 DIL</subfield>
   <subfield code="p">3010007384</subfield>
   <subfield code="r">2022-11-27</subfield>
   <subfield code="s">2022-09-15</subfield>
   <subfield code="t">1</subfield>
   <subfield code="w">2015-01-08</subfield>
   <subfield code="y">BK</subfield>
  </datafield>
 </record>
</collection>
